| 000 | 00000nas 2200000za 4500 |
| 001 | 9.502474 |
| 003 | CaOODSP |
| 005 | 20241008101108 |
| 007 | cr ||||||||||| |
| 008 | 150406c20109999oncar pso||||f0 b0fre|d |
| 022 | |a1925-9751 |
| 040 | |aCaOODSP|bfre |
| 043 | |an-cn--- |
| 086 | 1 |aLo2-1/1F-PDF |
| 110 | 2 |aCommissariat au lobbying du Canada. |
| 245 | 10|aLoi sur l'accès à l'information |h[ressource électronique] : |brapport annuel /|cCommissariat au lobbying du Canada. |
| 246 | 13|aCommissariat au lobbying du Canada, Loi sur l'accès à l'information, rapport annuel. |
| 260 | |aOttawa : |bCommissariat au lobbying du Canada, |c2010- |
| 310 | |aAnnuel |
| 362 | 1 |aParaît depuis 2009/2010. |
| 500 | |aPubl. aussi en anglais sous le titre : Office of the Commissioner of Lobbying Canada, Access to Information Act, annual report. |
| 691 | 07|aAccès à l'information|2gcpds |
| 775 | 08|tAccess to Information Act |w(CaOODSP)9.506072 |